A girls of the period (Record no. 155234)

MARC details
000 -LEADER
campo de control de longitud fija 00763nam a22002055i 4500
001 - NÚMERO DE CONTROL
campo de control 155234
003 - IDENTIFICADOR DE NÚMERO DE CONTROL
campo de control ES-MaACL
005 - FECHA Y HORA DE LA ÚLTIMA TRANSACCIÓN
campo de control 20230906210014.0
008 - DATOS DE LONGITUD FIJA--INFORMACIÓN GENERAL
campo de control de longitud fija 040719q18681900xxk |||| | eng d
040 ## - FUENTE DE CATALOGACIÓN
Centro catalogador/agencia de origen CAM
Lengua de catalogación spa
Centro/agencia transcriptor CAM
100 1# - ENTRADA PRINCIPAL--NOMBRE DE PERSONA
Nombre de persona Hemyng, Bracebridge.
9 (RLIN) 127847
245 12 - MENCIÓN DEL TÍTULO
Título A girls of the period
Resto del título : her fortunes and misfortunes /
Mención de responsabilidad, etc. by Bracebridge Hemyng.
260 ## - PUBLICACIÓN, DISTRIBUCIÓN, ETC.
Lugar de publicación, distribución, etc. London :
Nombre del editor, distribuidor, etc. Henry Lea,
Fecha de publicación, distribución, etc. [s.a.] (
Fabricante printed by W. Wilfred Head)
300 ## - DESCRIPCIÓN FÍSICA
Extensión 208 p. ;
Dimensiones 18 cm.
596 ## - NOTA AL PIE DE IMPRENTA
NOTA AL PIE DE IMPRENTA En las hh. de propaganda comercial la fecha más moderna que consta es 1868.
650 #4 - PUNTO DE ACCESO ADICIONAL DE MATERIA--TÉRMINO DE MATERIA
Término de materia o nombre geográfico como elemento de entrada Novela inglesa.
9 (RLIN) 137408
752 ## - ENTRADA AGREGADA--NOMBRE JERÁRQUICO DEL LUGAR
País o entidad superior Gran Bretaña -
Jurisdicción política intermedia Londres
852 ## - LOCALIZACIÓN
Ubicación ES-MaACL
Número de control de estantería D-3100
Nota libre -- Rúst. cromolit.
-- -- An. ms.: "C. Recur y Sola, 10-5-69"
Holdings
Estatus retirado Estado de pérdida Estado de daño No para préstamo Biblioteca de origen Biblioteca actual Ubicación en estantería Fecha de adquisición Fuente de adquisición Total de préstamos Signatura topográfica completa Código de barras Visto por última vez Precio de reemplazo Tipo de ítem Koha
        Biblioteca del Ateneo de Madrid Biblioteca del Ateneo de Madrid Sala Valle Inclán 17/01/2008     D-3100 901162383 23/02/2023 23/02/2023 Libro impreso